Rujnovaňa slavnoho Krasnobridskoho monastyrja

Bibliographic Details
Main Authors: Šmajda, Michal, 1920-2017 (Author), Bilančík, M. M. (Adapter)
Format: Article
Language:Ukrainian
PhysicalDescription:Fotogr.
Subjects:

MARC

LEADER 00000nab a2200000 a 4500
001 vtls009086252
003 SK-MaSNL
005 20260318121907.0
008 070809c2007 xo mr p 000 a0ukr
015 |a SNBRB2007/08 
038 |a SVKPOCL 
040 |a SVKPOCL  |b slo  |c SVKPO  |e AACR2 
041 0 |a ukr 
044 |a xo  |c SK 
080 |a 726.71  |2 2001 
080 |a 27  |2 2001 
080 |a 94(437.6)  |2 2001 
100 1 |a Šmajda, Michal,  |d 1920-2017  |4 aut  |9 172708 
245 1 0 |a Rujnovaňa slavnoho Krasnobridskoho monastyrja  |c rozpravľaňa Michala Šmajdu : zapisal o. M. M. Bilančík, ČSVV 
300 |b Fotogr. 
610 2 7 |a Krásnobrodský monastier (Krásny Brod, Slovensko)  |x dejiny  |2 svkpocl  |9 1588181 
648 7 |a 1951  |2 svkpocl  |9 295560 
650 0 7 |a kláštory  |x dejiny  |2 svkpocl  |9 308669 
650 0 7 |a náboženstvo  |2 svkpocl  |9 2023 
650 0 7 |a spomienky  |2 svkpocl  |9 55795 
651 7 |a Krásny Brod (Slovensko)  |2 svkpocl  |9 23793 
651 7 |a Medzilaborce (Slovensko : okres)  |2 svkpocl  |9 29394 
700 1 |a Bilančík, M. M.  |4 adp  |9 1588182 
773 0 |t Blahovistnik = Blahovistnyk  |g Roč. XLIII, č. 6 (2007), s. 6-7 
852 |a SVKPO  |b KIS3GCP 
958 |a RN 
958 |a LX 
958 |a NT 
958 |a SK 
999 |c 3255082  |d 3257012